Placez ces éléments géographiques sur une carte #1 - Statistiques

Statistiques générales
  • Ce quiz a été pris 2 816 fois
  • Le résultat moyen est 9 sur 20
Réponses sur la Carte
Les réponses sont colorées sur une échelle allant du rouge au vert en fonction du pourcentage des utilisateurs qui les ont devinées à leur premier essai. Vous pouvez retrouver ces pourcentages ci-dessous.
 
Statistiques - réponses
Réponse % Correct
Groenland
99%
Détroit de Gibraltar
89%
Désert du Sahara
88%
Les Andes
72%
Mer Noire
66%
Tasmanie
62%
Everest
58%
Lac Victoria
50%
Lac Baïkal
48%
Golfe Persique
38%
Cap de Bonne-Espérance
35%
Bornéo
32%
Îles Galápagos
32%
Lac Michigan
32%
Baie d'Hudson
28%
Golfe du Bengale
28%
Delta de l'Amazone
24%
Kamchatka
21%
Honshu
20%
Mer Jaune
17%
Aucun quiz correspondant
Distribution des résultats
% des personnes avec chaque résultat
Percentile par nombre de réponses
Votre historique - résultats
Vous n’avez pas pris ce quiz